[Event "Saint John op-2"]
[Site "Saint John CAN"]
[Date "1988.??.??"]
[Round "?"]
[White "Gonzalez Rodriguez, Jorge Armando"]
[Black "Basanta, Gary"]
[Result "1-0"]
[WhiteElo "2375"]
[BlackElo "2215"]
[PlyCount "133"]
[GameId "2160767912586698"]
[EventDate "1988.02.08"]
[EventType "swiss"]
[EventRounds "9"]
[EventCountry "CAN"]
[SourceTitle "CBM 006"]
[Source "ChessBase"]
[SourceDate "2004.01.01"]
[SourceVersion "1"]
[SourceVersionDate "2004.01.01"]
[SourceQuality "1"]

1. c4 e5 2. Nc3 Nf6 3. g3 Be7 4. Bg2 O-O 5. e3 c6 6. Nge2 d6 7. O-O Be6 8. d3 Qd7 9. Re1 d5 10. cxd5 cxd5 11. d4 Nc6 12. dxe5 Nxe5 13. Nd4 Bg4 14. Qb3 Rfd8 15. a4 Rac8 16. Nce2 Ne4 17. Nf4 Rc4 18. h3 Bb4 19. Rf1 Be6 20. Nfxe6 fxe6 21. f4 Nc5 22. Qd1 Nc6 23. Ne2 Ne4 24. Kh2 Qf7 25. b3 Nc3 26. Qd3 Rc5 27. Nd4 Nxd4 28. exd4 Rc7 29. Bd2 Qf5 30. Qe3 h5 31. Rac1 Rdc8 32. h4 Rc6 33. Rfe1 Qf6 34. Bh3 Kf7 35. Bxc3 Bxc3 36. Rxc3 Rxc3 37. Qxe6+ Qxe6 38. Bxe6+ Kf6 39. Bxc8 Rxc8 40. Re5 Rc3 41. Rxh5 Rxb3 42. Rxd5 Rb4 43. a5 Ke6 44. Re5+ Kf6 45. d5 Rd4 46. h5 Kf7 47. Kh3 b5 48. axb6 axb6 49. Kg4 Rd3 50. Kh4 Rd1 51. Kg5 b5 52. d6 Rxd6 53. Rxb5 Rd3 54. Rb7+ Kg8 55. g4 Rd5+ 56. f5 Rd6 57. Re7 Kh7 58. Re6 Rd4 59. h6 gxh6+ 60. Rxh6+ Kg7 61. f6+ Kg8 62. Kf5 Rb4 63. g5 Rb5+ 64. Kg6 Rb6 65. Rh7 Rb8 66. Rg7+ Kf8 67. Rh7 1-0

[Event "Saint John op-2"]
[Site "Saint John CAN"]
[Date "1988.??.??"]
[Round "?"]
[White "Gonzalez Rodriguez, Jorge Armando"]
[Black "Browne, Walter"]
[Result "1/2-1/2"]
[WhiteElo "2375"]
[BlackElo "2530"]
[PlyCount "109"]
[GameId "2160767912586699"]
[EventDate "1988.02.08"]
[EventType "swiss"]
[EventRounds "9"]
[EventCountry "CAN"]
[SourceTitle "CBM 006"]
[Source "ChessBase"]
[SourceDate "2004.01.01"]
[SourceVersion "1"]
[SourceVersionDate "2004.01.01"]
[SourceQuality "1"]

1. c4 e5 2. Nc3 Nc6 3. g3 g6 4. Bg2 Bg7 5. e3 f5 6. Nge2 Nf6 7. d3 d6 8. Rb1 O-O 9. b4 a6 10. O-O h6 11. a4 Ne7 12. b5 axb5 13. axb5 g5 14. f4 Ng6 15. Nd5 Nxd5 16. Bxd5+ Kh7 17. Kh1 Qe8 18. fxg5 hxg5 19. Nc3 g4 20. Bd2 Ne7 21. Bg2 Rh8 22. Qe2 c6 23. Ra1 Rxa1 24. Rxa1 Kg8 25. bxc6 bxc6 26. Ra8 e4 27. dxe4 Be5 28. Be1 Kg7 29. Ra7 Kf8 30. Kg1 Qh5 31. h4 gxh3 32. Bf3 h2+ 33. Kh1 Qg6 34. Qf2 Qf6 35. Ne2 fxe4 36. Bxe4 Qxf2 37. Bxf2 Be6 38. Ra8+ Kf7 39. Rxh8 Bxh8 40. Bd3 d5 41. c5 Ng6 42. Nd4 Ne5 43. Be2 Bg4 44. Ba6 Bg7 45. Be1 Bd7 46. Bd2 Bf8 47. Nb3 Bf5 48. Be2 Be4+ 49. Kxh2 Bf3 50. Bxf3 Nxf3+ 51. Kg2 Nxd2 52. Nxd2 Bxc5 53. Kf3 Bb4 54. Nf1 c5 55. e4 1/2-1/2

[Event "Saint John op-2"]
[Site "Saint John CAN"]
[Date "1988.??.??"]
[Round "?"]
[White "Gonzalez Rodriguez, Jorge Armando"]
[Black "Eingorn, Vereslav"]
[Result "1-0"]
[WhiteElo "2375"]
[BlackElo "2570"]
[PlyCount "77"]
[GameId "2160767912586700"]
[EventDate "1988.02.08"]
[EventType "swiss"]
[EventRounds "9"]
[EventCountry "CAN"]
[SourceTitle "CBM 006"]
[Source "ChessBase"]
[SourceDate "2004.01.01"]
[SourceVersion "1"]
[SourceVersionDate "2004.01.01"]
[SourceQuality "1"]

1. c4 e5 2. Nc3 Nf6 3. g3 Bb4 4. Bg2 O-O 5. Nd5 Nxd5 6. cxd5 d6 7. e3 c6 8. dxc6 Nxc6 9. Ne2 Bf5 10. a3 Ba5 11. O-O Rc8 12. b4 Bb6 13. Nc3 Bd3 14. Re1 f5 15. Nd5 e4 16. f4 Nd4 17. Bb2 Nc2 18. Rc1 Qd7 19. Rf1 Qe6 20. Nxb6 axb6 21. Rf2 Rc6 22. Bh3 Qg6 23. g4 Qh6 24. Bf1 fxg4 25. Rg2 d5 26. b5 Rc5 27. Qxg4 d4 28. a4 Rf7 29. exd4 Nxd4 30. Rxc5 bxc5 31. Bxd3 exd3 32. Bxd4 cxd4 33. Qc8+ Rf8 34. Qxb7 Rxf4 35. Qd5+ Kf8 36. Qd8+ Kf7 37. Qc7+ Kg8 38. b6 Qf6 39. Qb8+ 1-0

[Event "Saint John op-2"]
[Site "Saint John CAN"]
[Date "1988.??.??"]
[Round "?"]
[White "Gonzalez Rodriguez, Jorge Armando"]
[Black "Foisor, Ovidiu"]
[Result "0-1"]
[WhiteElo "2375"]
[BlackElo "2495"]
[PlyCount "74"]
[GameId "2160767912586701"]
[EventDate "1988.02.08"]
[EventType "swiss"]
[EventRounds "9"]
[EventCountry "CAN"]
[SourceTitle "CBM 006"]
[Source "ChessBase"]
[SourceDate "2004.01.01"]
[SourceVersion "1"]
[SourceVersionDate "2004.01.01"]
[SourceQuality "1"]

1. c4 Nf6 2. Nc3 c5 3. g3 e6 4. Nf3 b6 5. Bg2 Bb7 6. O-O a6 7. b3 Be7 8. Bb2 O-O 9. Qc2 d6 10. e4 Qc7 11. d4 cxd4 12. Nxd4 Nbd7 13. Rac1 Rac8 14. Qe2 Rfe8 15. f4 Qb8 16. f5 e5 17. Nc2 b5 18. cxb5 axb5 19. Nb4 Qa8 20. Ncd5 Nxd5 21. exd5 Qa5 22. a3 Nf6 23. Kh1 Qb6 24. Rfd1 h6 25. h3 Bf8 26. Kh2 Rc5 27. Qe3 Rec8 28. Rxc5 dxc5 29. Qf2 Re8 30. Nc2 e4 31. Ne3 c4 32. Bd4 Bc5 33. Bxc5 Qxc5 34. b4 Qa7 35. Qf4 Qxa3 36. g4 Qc3 37. h4 Qxe3 0-1

[Event "Saint John op-2"]
[Site "Saint John CAN"]
[Date "1988.??.??"]
[Round "?"]
[White "Groszpeter, Attila"]
[Black "Hamilton, Robert"]
[Result "1-0"]
[WhiteElo "2495"]
[BlackElo "2365"]
[PlyCount "65"]
[GameId "2160767912586705"]
[EventDate "1988.02.08"]
[EventType "swiss"]
[EventRounds "9"]
[EventCountry "CAN"]
[SourceTitle "CBM 06"]

1. c4 c5 2. g3 Nc6 3. Bg2 g6 4. Nc3 Bg7 5. Nh3 e6 6. Rb1 Nge7 7. Nf4 O-O 8. h4 d5 9. cxd5 exd5 10. Nfxd5 Nxd5 11. Nxd5 Be6 12. Nc3 Bxc3 13. bxc3 Bxa2 14. Rxb7 Bd5 15. Bxd5 Qxd5 16. O-O Rfe8 17. d3 Ne5 18. Rb2 a5 19. Bf4 a4 20. c4 Qd4 21. Ra2 Qd7 22. Qa1 f6 23. Rb1 Ra6 24. Qb2 Nc6 25. Qb5 Ra5 26. Qb6 a3 27. Rb5 Rea8 28. Qxc5 Ra4 29. Bd6 R8a6 30. Qd5+ Kh8 31. Rxa3 Rxa3 32. Bxa3 Qe8 33. Bb2 1-0

[Event "Saint John op-2"]
[Site "Saint John CAN"]
[Date "1988.??.??"]
[Round "?"]
[White "Groszpeter, Attila"]
[Black "Polaczek, Richard"]
[Result "1-0"]
[WhiteElo "2495"]
[BlackElo "2280"]
[PlyCount "121"]
[GameId "2160767912586706"]
[EventDate "1988.02.08"]
[EventType "swiss"]
[EventRounds "9"]
[EventCountry "CAN"]
[SourceTitle "CBM 06"]

1. d4 Nf6 2. c4 e6 3. Nc3 Bb4 4. e3 O-O 5. Bd3 d5 6. Nge2 Nbd7 7. O-O c6 8. e4 dxe4 9. Nxe4 Nxe4 10. Bxe4 e5 11. Bc2 Qh4 12. a3 Bd6 13. f4 exd4 14. Nxd4 Qf6 15. Nf3 Nb6 16. Be3 Bxf4 17. Bd4 Qh6 18. Qd3 Be6 19. b3 Rad8 20. g3 c5 21. gxf4 cxd4 22. Nxd4 Bg4 23. Rae1 f5 24. Qe3 Rd6 25. Kh1 Rg6 26. Rg1 Qh4 27. Rg3 Rh6 28. Qf2 Rd8 29. Nxf5 Bxf5 30. Bxf5 Kh8 31. Rge3 g6 32. Re8+ Rxe8 33. Rxe8+ Kg7 34. Qxh4 Rxh4 35. Bd3 Rxf4 36. Re7+ Rf7 37. Rxf7+ Kxf7 38. Be4 Nd7 39. Bxb7 Nc5 40. Bd5+ Ke7 41. b4 Na4 42. Kg2 Nc3 43. Kf2 Kd6 44. Bg8 h6 45. Ke3 g5 46. Kd3 Nd1 47. Kd4 Nf2 48. c5+ Kc7 49. Be6 h5 50. b5 g4 51. a4 h4 52. a5 g3 53. hxg3 hxg3 54. Bd5 Nh3 55. Ke5 Kb8 56. b6 Ng5 57. c6 axb6 58. axb6 Nf7+ 59. Ke6 Nd8+ 60. Kd7 Nxc6 61. Kxc6 1-0

[Event "Saint John op-2"]
[Site "Saint John CAN"]
[Date "1988.??.??"]
[Round "?"]
[White "Gruenfeld, Yehuda"]
[Black "Dizdar, Goran"]
[Result "0-1"]
[WhiteElo "2550"]
[BlackElo "2490"]
[PlyCount "76"]
[GameId "2160767912586708"]
[EventDate "1988.02.08"]
[EventType "swiss"]
[EventRounds "9"]
[EventCountry "CAN"]
[SourceTitle "CBM 06"]

1. e4 e6 2. d4 d5 3. Nd2 c5 4. exd5 exd5 5. Ngf3 a6 6. Be2 Nf6 7. O-O Be7 8. dxc5 Bxc5 9. Nb3 Bb6 10. Bg5 O-O 11. c3 Nc6 12. Qc2 h6 13. Bh4 g5 14. Bg3 Ne4 15. Nfd2 Nxg3 16. hxg3 Qf6 17. Nf3 Re8 18. Rad1 Bf5 19. Qd2 Re7 20. Nbd4 Rae8 21. Rfe1 Bg4 22. Kf1 Nxd4 23. cxd4 Re4 24. Qb4 Qd8 25. Qc3 Qe7 26. Qd2 Qf6 27. Qb4 Kg7 28. a3 Bxf3 29. Bxf3 Rxe1+ 30. Rxe1 Rxe1+ 31. Kxe1 Bxd4 32. Qxb7 g4 33. Bxd5 Qxf2+ 34. Kd1 Be3 35. Qb4 Qf1+ 36. Kc2 Qe2+ 37. Kb3 Qd1+ 38. Kc4 Qd4+ 0-1

[Event "Saint John op-2"]
[Site "Saint John CAN"]
[Date "1988.??.??"]
[Round "?"]
[White "Gruenfeld, Yehuda"]
[Black "Toshkov, Tihomir"]
[Result "1-0"]
[WhiteElo "2550"]
[BlackElo "2395"]
[PlyCount "147"]
[GameId "2160767912586711"]
[EventDate "1988.02.08"]
[EventType "swiss"]
[EventRounds "9"]
[EventCountry "CAN"]
[SourceTitle "CBM 06"]

1. e4 e6 2. d4 d5 3. Nd2 c5 4. Ngf3 Nf6 5. exd5 Qxd5 6. Bc4 Qd6 7. dxc5 Qxc5 8. Qe2 Be7 9. Nb3 Qc7 10. Nbd4 a6 11. a4 O-O 12. O-O Bd6 13. Bg5 e5 14. Bxf6 gxf6 15. Nb3 Kh8 16. Rfd1 Be6 17. Nbd2 Nd7 18. Bxe6 fxe6 19. Qc4 Rae8 20. Qxc7 Bxc7 21. Ne4 Re7 22. Nd6 Nc5 23. Nc4 Rd8 24. Rxd8+ Bxd8 25. Rd1 Bc7 26. a5 Kg7 27. Kf1 e4 28. Nd4 Kg6 29. b4 Na4 30. Ne2 Bb8 31. Rd8 Bc7 32. Rd1 Bb8 33. g3 Be5 34. Nxe5+ fxe5 35. Rd6 Kf5 36. h3 h5 37. Rd8 Rc7 38. g4+ hxg4 39. Ng3+ Kg6 40. Rg8+ Kf7 41. Rxg4 e3 42. c4 Nb2 43. fxe3 Nxc4 44. Ke2 Nd6 45. Ne4 Nxe4 46. Rxe4 Kf6 47. Rh4 Kg5 48. Rg4+ Kf6 49. Kd3 Rd7+ 50. Kc3 Rh7 51. h4 Kf5 52. Rc4 Rd7 53. h5 e4 54. Rc5+ Kg4 55. h6 Kf3 56. Rh5 Rh7 57. Kd4 Rd7+ 58. Kc5 Rh7 59. Rh3+ Kg4 60. Rh1 e5 61. Kd6 Kf5 62. Rh2 Kf6 63. Rf2+ Kg6 64. Ke6 Rh8 65. h7 Re8+ 66. Kd7 Rh8 67. Rh2 Kf5 68. Kd6 Kg4 69. Kxe5 Kf3 70. Rh4 Kg3 71. Rh6 Kf3 72. Kf6 Kxe3 73. Kg7 Rxh7+ 74. Rxh7 1-0

[Event "Saint John op-2"]
[Site "Saint John CAN"]
[Date "1988.??.??"]
[Round "?"]
[White "Gurevich, Dmitry"]
[Black "Gonzalez Rodriguez, Jorge Armando"]
[Result "1-0"]
[WhiteElo "2475"]
[BlackElo "2375"]
[PlyCount "57"]
[GameId "2160767912586712"]
[EventDate "1988.02.08"]
[EventType "swiss"]
[EventRounds "9"]
[EventCountry "CAN"]
[SourceTitle "CBM 006"]
[Source "ChessBase"]
[SourceDate "2004.01.01"]
[SourceVersion "1"]
[SourceVersionDate "2004.01.01"]
[SourceQuality "1"]

1. d4 Nf6 2. c4 e6 3. Nc3 Bb4 4. e3 Bxc3+ 5. bxc3 d6 6. Bd3 c5 7. Ne2 Nc6 8. f3 e5 9. O-O O-O 10. e4 Nd7 11. Be3 Qe7 12. f4 exd4 13. cxd4 f5 14. dxc5 dxc5 15. e5 Nb6 16. Nc3 Rd8 17. Nd5 Qf7 18. Bxc5 Nxd5 19. cxd5 Qxd5 20. Bd6 Be6 21. Bxf5 g6 22. Qxd5 Bxd5 23. Bh3 Kg7 24. Rab1 b6 25. Rbc1 Nd4 26. Rc7+ Kh8 27. Be7 Bxa2 28. Bf6+ Kg8 29. Rg7+ 1-0

[Event "Saint John op-2"]
[Site "Saint John CAN"]
[Date "1988.??.??"]
[Round "?"]
[White "Hamilton, Robert"]
[Black "Acosta, Mariano"]
[Result "0-1"]
[WhiteElo "2365"]
[BlackElo "2205"]
[PlyCount "156"]
[GameId "2160767912586716"]
[EventDate "1988.02.08"]
[EventType "swiss"]
[EventRounds "9"]
[EventCountry "CAN"]
[SourceTitle "CBM 06"]

1. e4 c6 2. d4 d5 3. e5 Bf5 4. Nc3 e6 5. g4 Bg6 6. Nge2 h6 7. Be3 Bb4 8. a3 Bxc3+ 9. Nxc3 Nd7 10. Qd2 Ne7 11. Rg1 Qc7 12. O-O-O O-O-O 13. f4 Rdg8 14. Bd3 Bxd3 15. Qxd3 h5 16. h3 hxg4 17. hxg4 g6 18. Rh1 Qd8 19. Bf2 Rxh1 20. Rxh1 Rh8 21. Qf3 Qf8 22. Ne2 a6 23. Ng3 Kb8 24. Rxh8 Qxh8 25. f5 gxf5 26. gxf5 Qh6+ 27. Kb1 exf5 28. Nxf5 Nxf5 29. Qxf5 Qe6 30. Qf4 Nf8 31. Qg5 Ng6 32. b3 Ka7 33. Kb2 Qd7 34. Be1 Nf8 35. Bb4 Ne6 36. Qg8 b6 37. Bd6 Nc7 38. a4 Qe8 39. Qg5 Ne6 40. Qd2 Qg8 41. Qf2 Qe8 42. c4 Qd7 43. cxd5 cxd5 44. Qf3 Qb7 45. Kc3 Ng5 46. Qf4 Ne4+ 47. Kd3 a5 48. Ke3 Ka8 49. Qg4 Ka7 50. Qg7 Qd7 51. Qh6 Qg4 52. Qf4 Qh3+ 53. Ke2 Qg2+ 54. Kd3 Nf2+ 55. Kc2 Ne4+ 56. Kd3 Nf2+ 57. Kc2 Ne4+ 58. Kd3 Qg6 59. Ke3 Qg1+ 60. Kf3 Qd1+ 61. Kg2 Qe2+ 62. Kh3 Qh5+ 63. Kg2 Qe2+ 64. Kh3 Ka6 65. e6 Qh5+ 66. Kg2 Qg6+ 67. Kh2 Qxe6 68. Bb8 Qc8 69. Be5 Qc2+ 70. Kg1 Qd1+ 71. Kg2 Qd2+ 72. Kh3 Qxf4 73. Bxf4 b5 74. Kg4 bxa4 75. bxa4 Nc3 76. Kf5 Nxa4 77. Ke5 Nb6 78. Kd6 Kb5 0-1

[Event "Saint John op-2"]
[Site "Saint John CAN"]
[Date "1988.??.??"]
[Round "?"]
[White "Hamilton, Robert"]
[Black "Cooper, John Grantley"]
[Result "1-0"]
[WhiteElo "2365"]
[BlackElo "2560"]
[PlyCount "73"]
[GameId "2160767912586717"]
[EventDate "1988.02.08"]
[EventType "swiss"]
[EventRounds "9"]
[EventCountry "CAN"]
[SourceTitle "CBM 006"]
[Source "ChessBase"]
[SourceDate "2004.01.01"]
[SourceVersion "1"]
[SourceVersionDate "2004.01.01"]
[SourceQuality "1"]

1. e4 e5 2. Nf3 Nc6 3. d4 exd4 4. c3 dxc3 5. Bc4 cxb2 6. Bxb2 Bb4+ 7. Nc3 Nf6 8. O-O Bxc3 9. Bxc3 O-O 10. e5 Ne4 11. Bb2 d6 12. Qe2 d5 13. Rad1 Be6 14. Bd3 Qe7 15. Nd2 f5 16. exf6 Nxf6 17. Rde1 Rae8 18. Bb1 Bf7 19. Qd3 Bg6 20. Rxe7 Bxd3 21. Rxe8 Rxe8 22. Bxd3 Nb4 23. Bb1 Re2 24. Bxf6 gxf6 25. Rd1 c5 26. Kf1 Re7 27. Re1 Rc7 28. Re8+ Kg7 29. Rd8 c4 30. Nf3 c3 31. Nd4 Rc4 32. Nc2 Nxc2 33. Bxc2 Rd4 34. Rc8 Rd2 35. Rxc3 d4 36. Rc7+ Kg8 37. Ke1 1-0

[Event "Saint John op-2"]
[Site "Saint John CAN"]
[Date "1988.??.??"]
[Round "?"]
[White "Hamilton, Robert"]
[Black "Ross, Paul"]
[Result "0-1"]
[WhiteElo "2365"]
[BlackElo "2235"]
[PlyCount "84"]
[GameId "2160767912586718"]
[EventDate "1988.02.08"]
[EventType "swiss"]
[EventRounds "9"]
[EventCountry "CAN"]
[SourceTitle "CBM 06"]

1. e4 e6 2. d4 d5 3. Nc3 Nf6 4. Bg5 Bb4 5. e5 h6 6. Bd2 Bxc3 7. bxc3 Ne4 8. Bd3 Nxd2 9. Qxd2 c5 10. dxc5 Qc7 11. Nf3 Nd7 12. O-O O-O 13. c4 dxc4 14. Bxc4 Nxe5 15. Nxe5 Qxe5 16. Qd6 Qxd6 17. cxd6 Rd8 18. Rfd1 Bd7 19. Rab1 Rac8 20. Bd3 b6 21. f4 g6 22. g4 Ba4 23. f5 exf5 24. gxf5 Bxc2 25. Bxc2 Rxc2 26. fxg6 fxg6 27. Rb3 Rd7 28. Rg3 Kg7 29. a4 Rc5 30. Kf2 Kf6 31. Rgd3 Re5 32. Kg3 Ke6 33. Kf3 Rf7+ 34. Kg3 Kd7 35. h4 Rf6 36. Rd4 Rc5 37. R1d3 Rc6 38. a5 Rcxd6 39. axb6 axb6 40. h5 gxh5 41. Kh4 Rxd4+ 42. Rxd4+ Kc6 0-1

[Event "Saint John op-2"]
[Site "Saint John CAN"]
[Date "1988.??.??"]
[Round "?"]
[White "Henao, Raul Fernando"]
[Black "Djuric, Stefan"]
[Result "0-1"]
[WhiteElo "2345"]
[BlackElo "2475"]
[PlyCount "74"]
[GameId "2160767912586724"]
[EventDate "1988.02.08"]
[EventType "swiss"]
[EventRounds "9"]
[EventCountry "CAN"]
[SourceTitle "CBM 06"]

1. e4 e5 2. Nf3 Nc6 3. Bb5 a6 4. Ba4 Nf6 5. O-O Be7 6. Re1 b5 7. Bb3 O-O 8. c3 d5 9. exd5 Nxd5 10. Nxe5 Nxe5 11. Rxe5 Bb7 12. d4 Qd7 13. Nd2 Nf4 14. Ne4 Bd6 15. Nxd6 cxd6 16. Rg5 Ng6 17. Be3 Rae8 18. a4 Be4 19. axb5 axb5 20. Bc2 d5 21. Bxe4 Rxe4 22. Qc2 f5 23. g3 Qe6 24. Re1 Ne7 25. Qd1 g6 26. Qd2 Qf6 27. f3 Re6 28. g4 h6 29. gxf5 Nxf5 30. Rxf5 Qxf5 31. Bxh6 Rxe1+ 32. Qxe1 Rf7 33. f4 Qg4+ 34. Kh1 Ra7 35. Bg5 Kf7 36. Qf1 Ra2 37. Qb1 Qe2 0-1

[Event "Saint John op-2"]
[Site "Saint John CAN"]
[Date "1988.??.??"]
[Round "?"]
[White "Henao, Raul Fernando"]
[Black "Pacey, Kevin"]
[Result "1/2-1/2"]
[WhiteElo "2345"]
[BlackElo "2240"]
[PlyCount "83"]
[GameId "2160767912586725"]
[EventDate "1988.02.08"]
[EventType "swiss"]
[EventRounds "9"]
[EventCountry "CAN"]
[SourceTitle "CBM 06"]

1. e4 Nc6 2. d4 e5 3. d5 Nce7 4. Nf3 Ng6 5. h4 h5 6. Bg5 Be7 7. Qd2 Nf6 8. Nc3 d6 9. O-O-O a6 10. Nh2 b5 11. Bd3 Nd7 12. g3 Nc5 13. Kb1 Bd7 14. Be3 Qb8 15. f4 a5 16. f5 Nf8 17. g4 a4 18. Ne2 c6 19. Ng3 hxg4 20. Nxg4 cxd5 21. exd5 Nxd3 22. Qxd3 b4 23. h5 b3 24. cxb3 axb3 25. a3 Ra4 26. Nf2 Qb5 27. Qxb5 Bxb5 28. Nfe4 Nd7 29. Nc3 Rg4 30. Nxb5 Rxg3 31. Rd3 Nf6 32. Rc3 O-O 33. Bf2 Rg2 34. Bh4 Nxd5 35. Bxe7 Nxe7 36. Nxd6 Rd8 37. Nc4 Rc8 38. Rhc1 Nxf5 39. Rxb3 Nd4 40. Re3 f6 41. a4 Rb8 42. Ka2 1/2-1/2

[Event "Saint John op-2"]
[Site "Saint John CAN"]
[Date "1988.??.??"]
[Round "?"]
[White "Henao, Raul Fernando"]
[Black "Salman, Nachum"]
[Result "1-0"]
[WhiteElo "2345"]
[BlackElo "2215"]
[PlyCount "59"]
[GameId "2160767912586726"]
[EventDate "1988.02.08"]
[EventType "swiss"]
[EventRounds "9"]
[EventCountry "CAN"]
[SourceTitle "CBM 006"]
[Source "ChessBase"]
[SourceDate "2004.01.01"]
[SourceVersion "1"]
[SourceVersionDate "2004.01.01"]
[SourceQuality "1"]

1. e4 g6 2. d4 d6 3. Nc3 Bg7 4. f4 c6 5. a4 d5 6. Nf3 Bg4 7. e5 h5 8. h3 Bxf3 9. Qxf3 e6 10. Be3 Nd7 11. Bd3 Nh6 12. Bf2 h4 13. O-O Qe7 14. Ne2 Nf5 15. b3 O-O-O 16. c4 Kb8 17. c5 f6 18. b4 Ka8 19. b5 Rb8 20. a5 cxb5 21. a6 b6 22. Bxb5 Rbc8 23. Nc3 Rc7 24. Bd3 fxe5 25. Nxd5 exd5 26. Qxd5+ Kb8 27. Be4 Kc8 28. Qa8+ Nb8 29. cxb6 Nxd4 30. Bxd4 1-0

[Event "Saint John op-2"]
[Site "Saint John CAN"]
[Date "1988.??.??"]
[Round "?"]
[White "Henao, Raul Fernando"]
[Black "Sherzer, Alex"]
[Result "1-0"]
[WhiteElo "2345"]
[BlackElo "2330"]
[PlyCount "69"]
[GameId "2160767912586727"]
[EventDate "1988.02.08"]
[EventType "swiss"]
[EventRounds "9"]
[EventCountry "CAN"]
[SourceTitle "CBM 06"]

1. e4 e6 2. d4 d5 3. Nd2 c5 4. exd5 exd5 5. Ngf3 Nc6 6. Bb5 Bd6 7. dxc5 Bxc5 8. O-O Nge7 9. Nb3 Bd6 10. Nbd4 O-O 11. c3 Bg4 12. Qa4 Bh5 13. Be3 Qc7 14. h3 Bg6 15. Rad1 a6 16. Bd3 Bxd3 17. Rxd3 Na5 18. Rfd1 Nc4 19. Qc2 Rfe8 20. Bc1 Rad8 21. Ne2 Qa5 22. Rd4 Qxa2 23. Ng5 g6 24. Rh4 h5 25. Nd4 Nc6 26. Nf5 Bf8 27. Rxh5 Na3 28. Qd3 Qc4 29. Nh7 Re6 30. Qd2 f6 31. Nxf8 Qe2 32. Rh8+ Kf7 33. Nxe6 Qxd2 34. Nxd8+ Nxd8 35. Bxd2 1-0

[Event "Saint John op-2"]
[Site "Saint John CAN"]
[Date "1988.??.??"]
[Round "?"]
[White "Inkiov, Ventzislav"]
[Black "Boyd, Stephen"]
[Result "1-0"]
[WhiteElo "2490"]
[BlackElo "2250"]
[PlyCount "71"]
[GameId "2160767912586735"]
[EventDate "1988.02.08"]
[EventType "swiss"]
[EventRounds "9"]
[EventCountry "CAN"]
[SourceTitle "CBM 006"]
[Source "ChessBase"]
[SourceDate "2004.01.01"]
[SourceVersion "1"]
[SourceVersionDate "2004.01.01"]
[SourceQuality "1"]

1. d4 g6 2. c4 Bg7 3. Nc3 d6 4. Nf3 Nd7 5. Bg5 f6 6. Bc1 e5 7. e4 Nh6 8. Be2 Nf7 9. O-O O-O 10. Qc2 c6 11. Be3 Qe7 12. Rad1 Re8 13. b4 Nf8 14. d5 f5 15. c5 dxc5 16. Bxc5 Qf6 17. b5 Nd7 18. Ba3 c5 19. d6 Nxd6 20. Nd5 Qd8 21. Bxc5 Nxc5 22. Qxc5 Nxe4 23. Qc2 Bd7 24. Nc7 Rc8 25. Qb3+ Kh8 26. Nxe8 Qxe8 27. Rc1 Nc5 28. Qa3 Bxb5 29. Bxb5 Qxb5 30. Ng5 Qc6 31. Rfd1 h6 32. Rxc5 Qxc5 33. Qxc5 Rxc5 34. Rd8+ Bf8 35. Rxf8+ Kg7 36. Ne6+ 1-0

[Event "Saint John op-2"]
[Site "Saint John CAN"]
[Date "1988.??.??"]
[Round "?"]
[White "Inkiov, Ventzislav"]
[Black "O'Donnell, Tom"]
[Result "1-0"]
[WhiteElo "2490"]
[BlackElo "2340"]
[PlyCount "81"]
[GameId "2160767912586736"]
[EventDate "1988.02.08"]
[EventType "swiss"]
[EventRounds "9"]
[EventCountry "CAN"]
[SourceTitle "CBM 006"]
[Source "ChessBase"]
[SourceDate "2004.01.01"]
[SourceVersion "1"]
[SourceVersionDate "2004.01.01"]
[SourceQuality "1"]

1. d4 d5 2. c4 e6 3. Nf3 c6 4. Qc2 Nf6 5. g3 Be7 6. Bg2 O-O 7. O-O Nbd7 8. Nbd2 b6 9. e4 Bb7 10. Rd1 Rc8 11. b3 Qc7 12. Bb2 Rfd8 13. Rac1 dxe4 14. Nxe4 Nxe4 15. Qxe4 c5 16. d5 Bf6 17. Ba3 Nf8 18. h4 Rd6 19. b4 cxb4 20. Bxb4 exd5 21. cxd5 Qxc1 22. Rxc1 Rxc1+ 23. Kh2 Rd7 24. Ne5 Bxe5 25. Qxe5 Rc8 26. h5 f6 27. Qf5 Rcd8 28. h6 Bxd5 29. hxg7 Ng6 30. Bxd5+ Rxd5 31. Qxf6 Re8 32. f4 Rd7 33. Qc6 Red8 34. Qe6+ Kxg7 35. f5 Rf7 36. Bc3+ Kf8 37. fxg6 hxg6 38. Qxg6 a5 39. Qxb6 Rdd7 40. Qxa5 Rc7 41. Qe5 1-0

[Event "Saint John op-2"]
[Site "Saint John CAN"]
[Date "1988.??.??"]
[Round "?"]
[White "Inkiov, Ventzislav"]
[Black "Polaczek, Richard"]
[Result "1/2-1/2"]
[WhiteElo "2490"]
[BlackElo "2280"]
[PlyCount "107"]
[GameId "2160767912586738"]
[EventDate "1988.02.08"]
[EventType "swiss"]
[EventRounds "9"]
[EventCountry "CAN"]
[SourceTitle "CBM 006"]
[Source "ChessBase"]
[SourceDate "2004.01.01"]
[SourceVersion "1"]
[SourceVersionDate "2004.01.01"]
[SourceQuality "1"]

1. d4 Nf6 2. c4 e6 3. Nf3 Bb4+ 4. Nbd2 d5 5. Qa4+ Nc6 6. a3 Bxd2+ 7. Bxd2 Ne4 8. Qc2 Nxd2 9. Qxd2 dxc4 10. e4 O-O 11. Bxc4 b6 12. O-O Bb7 13. b4 Qf6 14. e5 Qd8 15. Qf4 Ne7 16. Ng5 h6 17. Ne4 Nf5 18. Rad1 Bd5 19. Bxd5 Qxd5 20. Rd3 Rad8 21. Rfd1 Rd7 22. g4 Nh4 23. Rh3 f5 24. exf6 e5 25. Qe3 exd4 26. Qd3 Ng6 27. Rh5 Qe6 28. Qf3 Ne5 29. Qf5 Qb3 30. Rc1 g6 31. Qxe5 gxh5 32. Qxh5 Rh7 33. g5 Qd5 34. Qg4 Qd7 35. Qg3 hxg5 36. Nxg5 c6 37. Rxc6 Kh8 38. Nxh7 Qxh7 39. Qg7+ Qxg7+ 40. fxg7+ Kxg7 41. Rc7+ Kf6 42. Rxa7 Ke5 43. Re7+ Kd5 44. Kf1 Ra8 45. Rd7+ Ke4 46. Ke2 Rxa3 47. f3+ Ke5 48. h4 Rb3 49. h5 Rxb4 50. h6 Rb2+ 51. Kd3 Rb3+ 52. Ke2 Rb2+ 53. Kd3 Rb3+ 54. Ke2 1/2-1/2

[Event "Saint John op-2"]
[Site "Saint John CAN"]
[Date "1988.??.??"]
[Round "?"]
[White "Inkiov, Ventzislav"]
[Black "Tal, Mikhail"]
[Result "0-1"]
[WhiteElo "2490"]
[BlackElo "2630"]
[PlyCount "94"]
[GameId "2160767912586739"]
[EventDate "1988.02.08"]
[EventType "swiss"]
[EventRounds "9"]
[EventCountry "CAN"]
[SourceTitle "CBM 006"]
[Source "ChessBase"]
[SourceDate "2004.01.01"]
[SourceVersion "1"]
[SourceVersionDate "2004.01.01"]
[SourceQuality "1"]

1. d4 g6 2. c4 Bg7 3. Nc3 c5 4. e3 Nf6 5. Nf3 O-O 6. Be2 d6 7. O-O Bf5 8. b3 Nc6 9. Bb2 d5 10. Rc1 cxd4 11. exd4 Rc8 12. Re1 Bh6 13. Ra1 Nb4 14. Bf1 Nc2 15. Nh4 Nxe1 16. Nxf5 gxf5 17. Qxe1 e6 18. Rd1 Bg7 19. Ba3 Re8 20. Nb5 Bf8 21. Bxf8 Rxf8 22. c5 Ne8 23. Nxa7 Ra8 24. Nb5 Rxa2 25. Rd3 Qf6 26. Qb4 Qe7 27. h3 Kh8 28. Nd6 Nxd6 29. cxd6 Qd7 30. Rc3 Rd8 31. Rc7 Qxd6 32. Qxb7 Qf4 33. Rxf7 Qxf2+ 34. Kh2 Qf4+ 35. Kg1 Qxd4+ 36. Kh1 Kg8 37. Qe7 Ra1 38. Rxf5 exf5 39. Qxd8+ Kf7 40. Qd7+ Kg6 41. Qe8+ Kg5 42. Qe7+ Kf4 43. Qh4+ Ke3 44. Qg3+ Kd2 45. Qf3 f4 46. Kh2 Qe3 47. Qxd5+ Ke1 0-1